000 00300nam a2200157Ia 4500
100 _aSudha Murthy
650 _aFiction
942 _cBK
366 _f20
245 _aMahashweta
260 _bPenquin books
_aMumbai
_c2007
082 _bSUD
300 _a154
546 _aENGLISH
999 _c33818
_d33818